<?xml version="1.0" encoding="UTF-8"?><?xml-stylesheet type="text/xsl" href="static/style.xsl"?><OAI-PMH xmlns="http://www.openarchives.org/OAI/2.0/" xmlns:xsi="http://www.w3.org/2001/XMLSchema-instance" xsi:schemaLocation="http://www.openarchives.org/OAI/2.0/ http://www.openarchives.org/OAI/2.0/OAI-PMH.xsd"><responseDate>2026-06-07T15:18:00Z</responseDate><request verb="GetRecord" identifier="oai:docta.ucm.es:20.500.14352/100748" metadataPrefix="marc">https://docta.ucm.es/rest/oai/request</request><GetRecord><record><header><identifier>oai:docta.ucm.es:20.500.14352/100748</identifier><datestamp>2025-03-18T12:47:47Z</datestamp><setSpec>com_20.500.14352_14</setSpec><setSpec>col_20.500.14352_21</setSpec></header><metadata><record xmlns="http://www.loc.gov/MARC21/slim" xmlns:dcterms="http://purl.org/dc/terms/" xmlns:xsi="http://www.w3.org/2001/XMLSchema-instance" xmlns:doc="http://www.lyncode.com/xoai" xsi:schemaLocation="http://www.loc.gov/MARC21/slim http://www.loc.gov/standards/marcxml/schema/MARC21slim.xsd">
   <leader>00925njm 22002777a 4500</leader>
   <datafield ind2=" " ind1=" " tag="042">
      <subfield code="a">dc</subfield>
   </datafield>
   <datafield ind2=" " ind1=" " tag="720">
      <subfield code="a">Relaño Pastor, Eugenia</subfield>
      <subfield code="e">author</subfield>
   </datafield>
   <datafield ind2=" " ind1=" " tag="260">
      <subfield code="c">2013</subfield>
   </datafield>
   <datafield ind2=" " ind1=" " tag="520">
      <subfield code="a">This edited volume sets out to unravel various dimensions of a particular topical question pertaining to minorities and minority protection, which has not been explored yet, more particularly the socio-economic participation of minorities in relation to their right to (respect for) identity. This interrelation and interaction is studied from a multi-disciplinary perspective, spanning a broad range of disciplines, while drawing on a rich variety of case studies covering various corners of the world. This interrelation manifests itself in distinctive ways for religious minorities, ethnic minorities, and indigenous peoples. As it is impossible to provide a comprehensive coverage, this volume aims to offer a range of articles that reveal the breadth of the theme under review, while combining theoretical analysis with fascinating case studies.</subfield>
   </datafield>
   <datafield ind1="8" ind2=" " tag="024">
      <subfield code="a">Relaño Pastor, Eugenia, "Participation of Muslim minorities in the Spanish mainstream society", K. Henrad (ed.) The Interrelation between the Right to Identity of Minorities and Their socio-economic participation, Martinus Nijhoff Publishers, London, 2013: 261-285.</subfield>
   </datafield>
   <datafield ind1="8" ind2=" " tag="024">
      <subfield code="a">978-90-04-24474-0</subfield>
   </datafield>
   <datafield ind1="8" ind2=" " tag="024">
      <subfield code="a">10.1163/9789004244740_011</subfield>
   </datafield>
   <datafield ind1="8" ind2=" " tag="024">
      <subfield code="a">https://hdl.handle.net/20.500.14352/100748</subfield>
   </datafield>
   <datafield ind1="8" ind2=" " tag="024">
      <subfield code="a">https://doi.org/10.1163/9789004244740_011</subfield>
   </datafield>
   <datafield ind2="0" ind1="0" tag="245">
      <subfield code="a">Participation of Muslim minorities in the Spanish mainstream society</subfield>
   </datafield>
</record></metadata></record></GetRecord></OAI-PMH>